NLSUI OPAC header image

Forging capitalism in Nehru's India : (Record no. 112229)

MARC details
000 -LEADER
fixed length control field 01187cam a2200229 i 4500
005 - DATE AND TIME OF LATEST TRANSACTION
control field 20260522112524.0
008 - FIXED-LENGTH DATA ELEMENTS--GENERAL INFORMATION
fixed length control field 150907s2015 ii b 001 0 eng d
020 ## - INTERNATIONAL STANDARD BOOK NUMBER
International Standard Book Number 9780199457595 (hbk.)
082 ## - DEWEY DECIMAL CLASSIFICATION NUMBER
Edition number 338.954 TYA
100 1# - MAIN ENTRY--PERSONAL NAME
Personal name Tyabji, Nasir
245 10 - TITLE STATEMENT
Title Forging capitalism in Nehru's India :
Remainder of title neocolonialism and the state, c. 1940-1970 /
Statement of responsibility, etc. Nasir Tyabji.
250 ## - EDITION STATEMENT
Edition statement 1st ed.
260 ## - PUBLICATION, DISTRIBUTION, ETC.
Place of publication, distribution, etc. New Delhi :
Name of publisher, distributor, etc. Oxford University Press,
Date of publication, distribution, etc. 2015.
300 ## - PHYSICAL DESCRIPTION
Extent xxviii, 172 p. ;
Dimensions 23 cm.
365 ## - TRADE PRICE
Price amount RS. 695.00
505 ## - Contents
Contents Introduction;<br/>1. Capital Accumulation under Colonial Economy and Company Law; 2. Inculcating Corporate Responsibility: The Bombay Plan as Social Engineering; 3. Liaquat Ali Khan's 1947 Budget and the Corporate Response; 4. Administrative Attempts to Channel Accumulations: The Income Tax Investigation Commission; 5. Sholapur Mills and the Initiation of Social Engineering; 6. Private Industry and the Second Five-Year Plan:The Dalmia-Jain and Mundhra Episodes; 7. Denouement: The Final Abolition of Managing Agencies.
650 #0 - SUBJECT ADDED ENTRY--TOPICAL TERM
Topical term or geographic name entry element Capitalism
650 #0 - SUBJECT ADDED ENTRY--TOPICAL TERM
Topical term or geographic name entry element Political aspects
650 #0 - SUBJECT ADDED ENTRY--TOPICAL TERM
Topical term or geographic name entry element History
650 #0 - SUBJECT ADDED ENTRY--TOPICAL TERM
Topical term or geographic name entry element Politics -- government.
942 ## - ADDED ENTRY ELEMENTS (KOHA)
Source of classification or shelving scheme Dewey Decimal Classification
Koha item type BOOKs
Holdings
Withdrawn status Lost status Source of classification or shelving scheme Damaged status Not for loan Collection code Home library Current library Shelving location Date acquired Cost, normal purchase price Total Checkouts Full call number Barcode Date last seen Price effective from Koha item type
    Dewey Decimal Classification       NLS NLS General Stacks 13/11/2018 0.00   338.954 TYA 36130 29/11/2018 29/11/2018 BOOKs